Internet domain of countries - Statistics

General Stats
  • This quiz has been taken 11 times
  • The average score is 11 of 15
Answer Stats
Domain Country % Correct
.au Australia
100%
.be Belgium
100%
.fr France
100%
.de Germany
100%
.uy Uruguay
100%
.gr Greece
89%
.at Austria
78%
.zm Zambia
78%
.za South Africa
67%
.ua Ukraine
67%
.gt Guatemala
56%
.tr Turkey
56%
.dz Algeria
22%
.ao Angola
22%
.td Chad
22%
No matching quizzes found
Score Distribution
Percent of People with Each Score
Percentile by Number Answered
Your Score History
You have not taken this quiz